[Event "RUS-IND U14 Match 2019"]
[Site "Sochi"]
[Date "2019.06.07"]
[Round "6.4"]
[White "Nur-Mukhametova, Alisa"]
[Black "Ravi Teja R"]
[Result "1/2-1/2"]
[WhiteElo "1983"]
[BlackElo "1047"]
[Annotator "NA"]
[PlyCount "97"]
[EventDate "2019.06.02"]
[EventType "team-tourn"]
[EventCountry "RUS"]
[SourceTitle "playchess.com"]
[Source "ChessBase"]
[SourceQuality "1"]
[WhiteTeam "Russia"]
[BlackTeam "India"]
[WhiteTeamCountry "RUS"]
[BlackTeamCountry "IND"]
[TimeControl "5400+30"]

1. e4 {[%emt 0:00:00]} d5 {[%emt 0:00:00]} 2. exd5 {[%emt 0:00:00]} Nf6 {[%emt 0:00:31]} 3. d4 {[%emt 0:00:12]} Bg4 {[%emt 0:00:05]} 4. Be2 {[%emt 0:00:30]} Bxe2 {[%emt 0:00:07]} 5. Qxe2 {[%emt 0:03:01]} Qxd5 {[%emt 0:00:07]} 6. Nf3 {[%emt 0:00:16]} Nc6 {[%emt 0:00:07]} 7. O-O {[%emt 0:03:01]} O-O-O {[%emt 0:02:45] B01: Scandinavian Defence} 8. Rd1 {[%emt 0:05:32]} Qh5 {[%emt 0:02:32]} 9. c4 {[%emt 0:07:49]} e6 {[%emt 0:01:12]} 10. Nc3 {[%emt 0:00:31]} h6 {[%emt 0:04:51]} (10... Bd6 11. c5 Be7 12. Be3 Nd5 13. Rab1 Bf6 14. Ne4 Qg6 15. Ng3 h5 16. h3 Nxe3 17. Qxe3 Nxd4 18. Ne4 Nxf3+ 19. Qxf3 {0-1 (27) McShane,L (2651)-Vlassov,N (2476) playchess.com INT 2004}) 11. Bf4 {[%emt 0:01:14]} g5 {[%emt 0:03:36]} 12. Be5 {[%emt 0:08:20]} Bg7 $146 {[%emt 0:16:23]} ({Predecessor:} 12... Nxe5 13. Qxe5 Qg6 14. Qa5 a6 15. Ne5 Qf5 16. b4 Bd6 17. Nxf7 Bxh2+ {½-½ (62) Dodaj,G (1942)-Hankinson,C (2115) Lansing 2002}) 13. Bxf6 {[%emt 0:01:39]} Bxf6 {[%emt 0:02:02]} 14. d5 {[%emt 0:17:56]} Ne5 {[%emt 0:00:11]} 15. Nxe5 {[%emt 0:03:17]} Qxe2 {[%emt 0:07:33]} 16. Nxe2 {[%emt 0:03:41]} Bxe5 {[%emt 0:00:05]} 17. Nc3 {[%emt 0:00:06]} Bxc3 {[%emt 0:00:05]} 18. bxc3 {[%emt 0:02:32]} e5 {[%emt 0:00:49]} (18... Rd6 $17 19. Rd4 Rhd8) 19. c5 {[%emt 0:00:01]} Kd7 {[%emt 0:03:28]} 20. a4 {[%emt 0:05:52]} b6 {[%emt 0:03:09]} 21. cxb6 {[%emt 0:03:29]} cxb6 {[%emt 0:05:58]} 22. a5 {[%emt 0:01:29] [#]} b5 $1 {[%emt 0:01:30]} 23. Rab1 {[%emt 0:01:01]} Rb8 {[%emt 0:01:11]} 24. g4 {[%emt 0:01:22]} a6 {[%emt 0:01:57]} 25. Rd3 {[%emt 0:04:50]} Kd6 {[%emt 0:02:30]} 26. Rf3 {[%emt 0:01:35]} Ke7 {[%emt 0:01:08]} 27. Rb4 $17 {[%emt 0:01:05]} (27. d6+ $15 Ke6 28. Rd1) 27... Rbc8 {[%emt 0:05:12]} 28. Kf1 {[%emt 0:03:44]} Rc5 {[%emt 0:02:58]} 29. Ke2 {[%emt 0:02:14]} Rxd5 {[%emt 0:02:54]} 30. c4 {[%emt 0:05:25]} Rd4 {[%emt 0:00:28]} 31. Rfb3 {[%emt 0:00:01]} Rxc4 {[%emt 0:02:30]} 32. Rxc4 {[%emt 0:00:45]} bxc4 {[%emt 0:01:12]} 33. Rb6 {[%emt 0:00:23]} Rc8 {[%emt 0:13:42]} 34. Rxa6 {[%emt 0:00:02]} f6 {[%emt 0:00:07]} 35. Kd2 {[%emt 0:00:47]} Rc7 {[%emt 0:00:47]} 36. Kc3 {[%emt 0:00:31]} Rc5 {[%emt 0:03:38]} 37. h3 {[%emt 0:04:26]} Kf7 {[%emt 0:00:02]} 38. Ra7+ {[%emt 0:00:39]} Ke6 {[%emt 0:06:35]} 39. a6 {[%emt 0:01:49]} Kd5 {[%emt 0:01:52]} 40. Rd7+ {[%emt 0:03:31]} Ke6 {[%emt 0:01:10]} 41. Rb7 {[%emt 0:00:46]} Ra5 {[%emt 0:00:49]} 42. a7 {[%emt 0:00:13]} Ra4 {[%emt 0:00:24]} 43. Rc7 {[%emt 0:00:43]} Kd5 {[%emt 0:01:15]} 44. Rd7+ {[%emt 0:00:11]} Kc6 {[%emt 0:00:44]} 45. Rf7 {[%emt 0:00:15]} Kc5 {[%emt 0:00:00]} 46. Rc7+ {[%emt 0:00:38]} Kb6 {[%emt 0:00:17]} 47. Rf7 {[%emt 0:01:07]} Kc5 {[%emt 0:00:07]} 48. Rc7+ {[%emt 0:00:00]} Kd5 {[%emt 0:00:10]} 49. Rd7+ {[%emt 0:00:10]} 1/2-1/2

[Event "RUS-IND U14 Match 2019"]
[Site "Sochi"]
[Date "2019.06.08"]
[Round "7.1"]
[White "Mendonca, Leon Luke"]
[Black "Murzin, Volodar"]
[Result "1/2-1/2"]
[WhiteElo "2405"]
[BlackElo "2418"]
[Annotator "NA"]
[PlyCount "100"]
[EventDate "2019.06.02"]
[EventType "team-tourn"]
[EventCountry "RUS"]
[SourceTitle "playchess.com"]
[Source "ChessBase"]
[SourceQuality "1"]
[WhiteTeam "India"]
[BlackTeam "Russia"]
[WhiteTeamCountry "IND"]
[BlackTeamCountry "RUS"]
[TimeControl "5400+30"]

1. Nf3 {[%emt 0:00:00]} d5 {[%emt 0:00:04]} 2. d4 {[%emt 0:00:00]} Nf6 {[%emt 0:00:00]} 3. Bf4 {[%emt 0:00:00]} g6 {[%emt 0:01:15]} 4. e3 {[%emt 0:00:16]} Bg7 {[%emt 0:00:36]} 5. Be2 {[%emt 0:00:25]} O-O {[%emt 0:00:24]} 6. h3 {[%emt 0:00:55]} c5 {[%emt 0:00:19]} 7. c3 {[%emt 0:00:09]} Nc6 {[%emt 0:01:18]} 8. Nbd2 {[%emt 0:02:03]} Bf5 {[%emt 0:06:37]} 9. O-O {[%emt 0:01:39]} Re8 {[%emt 0:14:46]} 10. Qb3 {[%emt 0:09:51]} Na5 {[%emt 0:04:37]} 11. Qa4 {[%emt 0:13:04]} Bd7 {[%emt 0:04:22]} 12. Qa3 {[%emt 0:09:32]} cxd4 {[%emt 0:06:07]} 13. cxd4 {[%emt 0:01:57]} Bf8 {[%emt 0:05:50]} 14. Ne5 {[%emt 0:19:37]} e6 {[%emt 0:07:50]} 15. Qd3 {[%emt 0:01:18]} a6 {[%emt 0:00:39]} 16. Nxd7 {[%emt 0:00:01]} Nxd7 {[%emt 0:01:42]} 17. a3 {[%emt 0:04:48]} Nb6 {[%emt 0:02:49]} 18. b4 {[%emt 0:11:53]} Nac4 {[%emt 0:04:32]} 19. Nb3 {[%emt 0:08:43]} Bd6 {[%emt 0:00:35]} 20. Bxd6 {[%emt 0:00:43]} Nxd6 {[%emt 0:05:29]} 21. a4 {[%emt 0:01:23]} Nbc4 {[%emt 0:00:13]} 22. a5 {[%emt 0:02:09]} f5 {[%emt 0:01:07]} 23. Nc5 {[%emt 0:01:41]} Kh8 {[%emt 0:00:43]} 24. Qc2 {[%emt 0:02:07]} Qe7 {[%emt 0:03:17]} 25. Rfb1 {[%emt 0:01:13]} Rac8 {[%emt 0:00:36]} 26. Bxc4 {[%emt 0:01:16]} dxc4 {[%emt 0:02:43]} 27. Rd1 {[%emt 0:01:40]} Qg7 {[%emt 0:00:16]} 28. Qc3 {[%emt 0:01:52]} g5 {[%emt 0:00:45]} 29. Ra2 {[%emt 0:00:30]} Re7 {[%emt 0:01:54]} 30. Re2 {[%emt 0:01:32]} h6 {[%emt 0:02:04]} 31. e4 {[%emt 0:00:38]} fxe4 {[%emt 0:04:04]} 32. Rde1 {[%emt 0:00:27]} Kg8 {[%emt 0:06:49]} 33. Kh1 {[%emt 0:01:53]} Qf7 {[%emt 0:00:39]} 34. Nxe4 {[%emt 0:00:15]} Nb5 {[%emt 0:00:18]} 35. Qe3 {[%emt 0:00:31]} Rd8 {[%emt 0:05:15]} 36. Rd2 {[%emt 0:00:39]} Red7 {[%emt 0:02:06]} 37. Nc5 {[%emt 0:00:53]} Rxd4 {[%emt 0:00:16]} 38. Rxd4 {[%emt 0:00:07]} Nxd4 {[%emt 0:00:36]} 39. Rd1 {[%emt 0:00:37]} Nc6 {[%emt 0:03:09]} 40. Rxd8+ {[%emt 0:00:56]} Nxd8 {[%emt 0:00:00]} 41. Qd4 {[%emt 0:00:01]} Nc6 {[%emt 0:00:51]} 42. Qxc4 {[%emt 0:00:03]} Qxf2 {[%emt 0:02:00]} 43. Qxe6+ {[%emt 0:00:31]} Qf7 {[%emt 0:00:00]} 44. Qxh6 {[%emt 0:00:00]} Qf1+ {[%emt 0:01:29]} 45. Kh2 {[%emt 0:00:39]} Qf4+ {[%emt 0:00:36]} 46. Kh1 {[%emt 0:00:12]} Qf1+ {[%emt 0:00:35]} 47. Kh2 {[%emt 0:00:41]} Qf4+ {[%emt 0:00:06]} 48. Kg1 {[%emt 0:00:31]} Qd4+ {[%emt 0:00:10]} 49. Kh1 {[%emt 0:00:03]} Qa1+ {[%emt 0:00:10]} 50. Kh2 {[%emt 0:00:01]} Qe5+ {[%emt 0:00:01]} 1/2-1/2

[Event "RUS-IND U14 Match 2019"]
[Site "Sochi"]
[Date "2019.06.08"]
[Round "7.2"]
[White "Gukesh D"]
[Black "Tsvetkov, Andrey"]
[Result "0-1"]
[WhiteElo "2543"]
[BlackElo "2323"]
[Annotator "ChessBase"]
[PlyCount "90"]
[EventDate "2019.06.02"]
[EventType "team-tourn"]
[EventCountry "RUS"]
[SourceTitle "playchess.com"]
[Source "ChessBase"]
[SourceQuality "1"]
[WhiteTeam "India"]
[BlackTeam "Russia"]
[WhiteTeamCountry "IND"]
[BlackTeamCountry "RUS"]
[TimeControl "5400+30"]

1. e4 {[%emt 0:00:00]} c5 {[%emt 0:00:00]} 2. Nc3 {[%emt 0:00:00]} d6 {[%emt 0:00:04]} 3. Nge2 {[%emt 0:00:09]} Nf6 {[%emt 0:00:25]} 4. g3 {[%emt 0:00:31]} g6 {[%emt 0:00:20]} 5. Bg2 {[%emt 0:00:15]} Bg7 {[%emt 0:00:13]} 6. O-O {[%emt 0:00:06]} O-O {[%emt 0:00:07]} 7. d3 {[%emt 0:04:01]} Nc6 {[%emt 0:00:14]} 8. Bg5 {[%emt 0:00:25]} Rb8 {[%emt 0:01:02]} 9. Qd2 {[%emt 0:01:36]} b5 {[%emt 0:00:19]} 10. Bh6 {[%emt 0:04:13]} b4 {[%emt 0:00:12]} 11. Nd5 {[%emt 0:00:00]} Bxh6 {[%emt 0:00:54]} 12. Qxh6 {[%emt 0:01:01]} Ng4 {[%emt 0:00:09]} 13. Qd2 {[%emt 0:16:27]} e6 {[%emt 0:00:39]} 14. Ndf4 {[%emt 0:00:06]} Nge5 {[%emt 0:30:24]} 15. Nh3 {[%emt 0:13:58]} Nd4 {[%emt 0:12:43]} 16. Nxd4 {[%emt 0:13:26]} cxd4 {[%emt 0:00:01]} 17. f3 {[%emt 0:02:57]} Qc7 {[%emt 0:00:12]} 18. Nf2 {[%emt 0:00:00]} Bb7 {[%emt 0:06:09]} 19. f4 {[%emt 0:02:32]} Nd7 {[%emt 0:11:56]} 20. Rac1 {[%emt 0:03:32]} Rfc8 {[%emt 0:00:38]} 21. g4 {[%emt 0:11:28]} Qc5 {[%emt 0:08:32]} 22. h4 {[%emt 0:07:56]} f5 {[%emt 0:05:29]} 23. Kh2 {[%emt 0:04:31]} Nf6 {[%emt 0:01:11]} 24. Qe2 {[%emt 0:03:10]} Kf7 {[%emt 0:01:55]} 25. Bf3 {[%emt 0:01:53]} Re8 {[%emt 0:02:37]} 26. Rg1 {[%emt 0:02:45]} Rbc8 {[%emt 0:04:24]} 27. Nh3 {[%emt 0:01:39]} fxe4 {[%emt 0:00:50]} 28. dxe4 {[%emt 0:00:31]} Kg8 {[%emt 0:01:36]} 29. Nf2 {[%emt 0:01:33]} Qc4 {[%emt 0:00:30]} 30. Qe1 {[%emt 0:00:54]} a5 {[%emt 0:00:29]} 31. g5 {[%emt 0:01:34]} Nd7 {[%emt 0:07:10]} 32. h5 {[%emt 0:00:00]} Rf8 {[%emt 0:00:47]} 33. Qd2 {[%emt 0:01:41]} d5 {[%emt 0:00:47]} 34. Be2 {[%emt 0:01:16]} Qc7 {[%emt 0:02:01]} 35. Nh3 {[%emt 0:00:07]} dxe4 {[%emt 0:00:21]} 36. Qxd4 {[%emt 0:00:37]} e5 {[%emt 0:00:52]} 37. fxe5 {[%emt 0:01:00]} Nxe5 {[%emt 0:01:01]} 38. Rg3 {[%emt 0:00:23]} Rcd8 {[%emt 0:00:45]} 39. Qe3 {[%emt 0:00:33]} Rf3 {[%emt 0:00:34]} 40. Bxf3 {[%emt 0:00:01]} Nxf3+ {[%emt 0:00:00]} 41. Kg2 {[%emt 0:00:32]} Nh4+ {[%emt 0:00:04]} 42. Kh2 {[%emt 0:00:13]} Rd2+ {[%emt 0:01:05]} 43. Kg1 {[%emt 0:00:48]} Nf5 {[%emt 0:00:40]} 44. Qxd2 {[%emt 0:00:44]} Qxg3+ {[%emt 0:00:33]} 45. Qg2 {[%emt 0:00:27]} Qe3+ {[%emt 0:00:18]} 0-1

[Event "RUS-IND U14 Match 2019"]
[Site "Sochi"]
[Date "2019.06.08"]
[Round "7.3"]
[White "Savitha Shri B"]
[Black "Kirchei, Viktoriia"]
[Result "0-1"]
[WhiteElo "2144"]
[BlackElo "2026"]
[Annotator "NA"]
[PlyCount "84"]
[EventDate "2019.06.02"]
[EventType "team-tourn"]
[EventCountry "RUS"]
[SourceTitle "playchess.com"]
[Source "ChessBase"]
[SourceQuality "1"]
[WhiteTeam "IND"]
[BlackTeam "RUS"]
[WhiteTeamCountry "IND"]
[BlackTeamCountry "RUS"]
[TimeControl "5400+30"]

1. e4 {[%emt 0:00:00]} e6 {[%emt 0:00:00]} 2. d4 {[%emt 0:00:20]} d5 {[%emt 0:00:10]} 3. Bd3 {[%emt 0:00:00]} dxe4 {[%emt 0:00:00]} 4. Bxe4 {[%emt 0:00:08]} Nf6 {[%emt 0:00:08]} 5. Bf3 {[%emt 0:00:07]} c5 {[%emt 0:00:03]} 6. Ne2 {[%emt 0:00:08]} Be7 {[%emt 0:00:05]} 7. O-O {[%emt 0:01:02]} O-O {[%emt 0:00:18]} 8. Nbc3 {[%emt 0:00:25]} cxd4 {[%emt 0:00:04]} 9. Nxd4 {[%emt 0:06:05]} e5 {[%emt 0:02:28]} 10. Ndb5 {[%emt 0:01:35]} Nc6 {[%emt 0:01:20]} 11. Be3 {[%emt 0:08:57]} Bf5 {[%emt 0:01:56]} 12. Qxd8 {[%emt 0:01:28]} Rfxd8 {[%emt 0:00:21]} 13. Nc7 {[%emt 0:05:50]} Rac8 {[%emt 0:00:06]} 14. N7d5 {[%emt 0:01:38]} Nxd5 {[%emt 0:04:09]} 15. Nxd5 {[%emt 0:00:26]} Bf8 {[%emt 0:03:20]} 16. c4 {[%emt 0:00:08]} Bd3 {[%emt 0:02:48]} 17. Rfc1 {[%emt 0:09:34]} f5 {[%emt 0:07:54]} 18. Bg5 {[%emt 0:01:00]} Rd7 {[%emt 0:03:50]} 19. Be3 {[%emt 0:03:13]} f4 {[%emt 0:01:43]} 20. Bg4 {[%emt 0:09:45]} fxe3 {[%emt 0:14:53]} 21. Bxd7 {[%emt 0:03:32]} exf2+ {[%emt 0:00:04]} 22. Kxf2 {[%emt 0:00:50]} Bc5+ {[%emt 0:00:04]} 23. Kg3 {[%emt 0:05:12]} Rf8 {[%emt 0:00:07]} 24. h3 {[%emt 0:02:31]} Nd4 {[%emt 0:01:28]} 25. Kh2 {[%emt 0:06:15]} e4 {[%emt 0:02:24]} 26. Bg4 {[%emt 0:00:39]} g6 {[%emt 0:00:06]} 27. Rd1 {[%emt 0:00:36]} h5 {[%emt 0:00:29]} 28. Bd7 {[%emt 0:06:53]} Ne2 {[%emt 0:03:03]} 29. Rf1 {[%emt 0:06:22]} Bd6+ {[%emt 0:02:26]} 30. g3 {[%emt 0:06:32]} Nxg3 {[%emt 0:01:01]} 31. Rxf8+ {[%emt 0:00:00]} Kxf8 {[%emt 0:00:41]} 32. c5 {[%emt 0:01:23]} Be5 {[%emt 0:04:35]} 33. Kg2 {[%emt 0:02:48]} Bc4 {[%emt 0:10:27]} 34. Ne3 {[%emt 0:00:36]} Be2 {[%emt 0:00:48]} 35. Kf2 {[%emt 0:00:03]} h4 {[%emt 0:00:11]} 36. Bg4 {[%emt 0:01:03]} Bd3 {[%emt 0:00:41]} 37. Kg2 {[%emt 0:00:40]} Bxb2 {[%emt 0:06:10]} 38. Rd1 {[%emt 0:00:41]} Bd4 {[%emt 0:00:00]} 39. Nd5 {[%emt 0:03:40]} Be5 {[%emt 0:04:08]} 40. Nb4 {[%emt 0:02:29]} Bb5 {[%emt 0:00:12]} 41. Re1 {[%emt 0:03:06]} Bc3 {[%emt 0:06:17]} 42. Rxe4 {[%emt 0:00:58]} Nxe4 {[%emt 0:00:37]} 0-1

[Event "RUS-IND U14 Match 2019"]
[Site "Sochi"]
[Date "2019.06.08"]
[Round "7.4"]
[White "Rakshitta Ravi"]
[Black "Nur-Mukhametova, Alisa"]
[Result "0-1"]
[WhiteElo "2111"]
[BlackElo "1983"]
[Annotator "NA"]
[PlyCount "112"]
[EventDate "2019.06.02"]
[EventType "team-tourn"]
[EventCountry "RUS"]
[SourceTitle "playchess.com"]
[Source "ChessBase"]
[SourceQuality "1"]
[WhiteTeam "India"]
[BlackTeam "Russia"]
[WhiteTeamCountry "IND"]
[BlackTeamCountry "RUS"]
[TimeControl "5400+30"]

1. e4 {[%emt 0:00:00]} c5 {[%emt 0:00:00]} 2. Nc3 {[%emt 0:00:00]} e6 {[%emt 0:00:00]} 3. Nge2 {[%emt 0:00:00]} Nf6 {[%emt 0:00:32]} 4. d4 {[%emt 0:00:05]} cxd4 {[%emt 0:00:07]} 5. Nxd4 {[%emt 0:00:03]} d6 {[%emt 0:00:28]} 6. g3 {[%emt 0:00:06]} Be7 {[%emt 0:00:14]} 7. Bg2 {[%emt 0:00:07]} O-O {[%emt 0:00:00]} 8. O-O {[%emt 0:00:03]} Nc6 {[%emt 0:00:25]} 9. Re1 {[%emt 0:00:10]} Qc7 {[%emt 0:01:20]} 10. Ncb5 {[%emt 0:00:43]} Qb8 {[%emt 0:00:31]} 11. c4 {[%emt 0:00:09]} a6 {[%emt 0:01:53]} 12. Nxc6 {[%emt 0:01:35]} bxc6 {[%emt 0:00:04]} 13. Nd4 {[%emt 0:00:16]} Bb7 {[%emt 0:02:46]} 14. e5 {[%emt 0:05:39]} dxe5 {[%emt 0:00:12]} 15. Nxc6 {[%emt 0:00:11]} Bxc6 {[%emt 0:01:12]} 16. Bxc6 {[%emt 0:00:09]} Ra7 {[%emt 0:00:37]} 17. Qe2 {[%emt 0:12:00]} Bb4 {[%emt 0:04:42]} 18. Rd1 {[%emt 0:02:11]} Bc5 {[%emt 0:02:55]} 19. Rb1 {[%emt 0:07:12]} Qb6 {[%emt 0:09:20]} 20. Bf3 {[%emt 0:02:37]} a5 {[%emt 0:02:26]} 21. b3 {[%emt 0:06:12]} Nd7 {[%emt 0:04:42]} 22. a3 {[%emt 0:02:44]} Bd4 {[%emt 0:02:42]} 23. b4 {[%emt 0:09:12]} Nc5 {[%emt 0:07:57]} 24. Bd2 {[%emt 0:07:24]} axb4 {[%emt 0:02:21]} 25. axb4 {[%emt 0:03:11]} Na4 {[%emt 0:17:59]} 26. c5 {[%emt 0:01:29]} Qc7 {[%emt 0:00:00]} 27. Rdc1 {[%emt 0:00:57]} Rd8 {[%emt 0:00:51]} 28. b5 {[%emt 0:00:12]} Bxc5 {[%emt 0:00:30]} 29. Be3 {[%emt 0:09:34]} Qb6 {[%emt 0:00:25]} 30. Rxc5 {[%emt 0:03:49]} Nxc5 {[%emt 0:01:15]} 31. Rc1 {[%emt 0:01:14]} Rd4 {[%emt 0:01:03]} 32. Bxd4 {[%emt 0:02:17]} exd4 {[%emt 0:09:14]} 33. Qe5 {[%emt 0:01:09]} Rc7 {[%emt 0:00:01]} 34. Bc6 {[%emt 0:04:26]} Nd7 {[%emt 0:04:28]} 35. Ra1 {[%emt 0:11:54]} Nb8 {[%emt 0:09:41]} 36. Ra8 {[%emt 0:01:00]} Rc8 {[%emt 0:00:59]} 37. Qd6 {[%emt 0:00:00]} Rd8 {[%emt 0:02:27]} 38. Qe7 {[%emt 0:04:54]} Rf8 {[%emt 0:00:32]} 39. Be8 {[%emt 0:01:22]} e5 {[%emt 0:00:42]} 40. Qxe5 {[%emt 0:00:17]} Nd7 {[%emt 0:07:55]} 41. Qe7 {[%emt 0:00:08]} Qe6 {[%emt 0:02:05]} 42. Qd8 {[%emt 0:01:44]} Nf6 {[%emt 0:01:00]} 43. Bc6 {[%emt 0:00:01]} Nd7 {[%emt 0:00:44]} 44. Bxd7 {[%emt 0:00:42]} Qe1+ {[%emt 0:01:05]} 45. Kg2 {[%emt 0:00:34]} Qe4+ {[%emt 0:01:01]} 46. Kh3 {[%emt 0:01:02]} Qxa8 {[%emt 0:00:08]} 47. Qxa8 {[%emt 0:00:04]} Rxa8 {[%emt 0:00:09]} 48. Kg2 {[%emt 0:00:09]} Rd8 {[%emt 0:00:15]} 49. Bg4 {[%emt 0:00:44]} d3 {[%emt 0:00:01]} 50. Kf1 {[%emt 0:00:00]} d2 {[%emt 0:00:20]} 51. Bd1 {[%emt 0:00:29]} Re8 {[%emt 0:00:13]} 52. Be2 {[%emt 0:00:31]} Rb8 {[%emt 0:00:42]} 53. Bd1 {[%emt 0:00:01]} Rxb5 {[%emt 0:00:23]} 54. Ke2 {[%emt 0:00:21]} Rd5 {[%emt 0:00:10]} 55. Bb3 {[%emt 0:01:15]} Rd8 {[%emt 0:00:04]} 56. h4 {[%emt 0:00:04]} h5 {[%emt 0:00:05]} 0-1

[Event "RUS-IND U14 Match 2019"]
[Site "Sochi"]
[Date "2019.06.09"]
[Round "8.1"]
[White "Murzin, Volodar"]
[Black "Gukesh D"]
[Result "1-0"]
[WhiteElo "2418"]
[BlackElo "2543"]
[Annotator "TA"]
[PlyCount "121"]
[EventDate "2019.06.02"]
[EventType "team-tourn"]
[EventCountry "RUS"]
[SourceTitle "playchess.com"]
[Source "ChessBase"]
[SourceQuality "1"]
[WhiteTeam "Russia"]
[BlackTeam "India"]
[WhiteTeamCountry "RUS"]
[BlackTeamCountry "IND"]

{[%evp 20,121,21,6,13,8,11,0,18,17,24,12,24,0,0,0,0,0,1,0,0,0,0,-4,0,0,0,0,0,0,0,0,0,0,0,0,0,0,0,0,0,0,0,0,0,0,52,50,31,33,124,35,27,34,47,0,0,0,0,0,0,0,0,-40,-20,-25,0,0,73,74,319,318,289,282,598,165,579,547,5728,5693,4606,1681,2709,2154,29969,29974,29974,29975,29975,29976,29976,29977,6412,1215,1449,1449,1246,1176,1048,995,29960,12253,1252,1084]} 1. e4 c5 2. Nf3 Nc6 3. d4 cxd4 4. Nxd4 Nf6 5. Nc3 e5 6. Ndb5 d6 7. Bg5 a6 8. Na3 b5 9. Nd5 Be7 10. Bxf6 Bxf6 11. c4 b4 {B33: Sicilian: Pelikan and Sveshnikov Variations} 12. Nc2 O-O 13. g3 Rb8 {The position is equal.} (13... Be6 14. Bg2 Bxd5 15. cxd5 Nd4 16. O-O Nxc2 17. Qxc2 Bg5 18. h4 Bh6 19. a3 {½-½ (32) Jakovenko,D (2719)-Giri,A (2797) Shenzhen 2019}) 14. b3 Be6 15. Bg2 Bxd5 16. Qxd5 Nd4 17. Nxd4 exd4 18. O-O Qb6 19. Qf5 $146 ({Predecessor:} 19. Qh5) 19... Rbc8 20. Rad1 Rc5 21. Qf3 a5 22. h4 a4 23. h5 Be5 24. Rd3 axb3 25. axb3 Ra5 26. Qg4 Qc7 27. Qe2 Qa7 28. Qe1 Qc5 29. h6 g6 30. f4 Bh8 31. e5 dxe5 32. Bd5 e4 (32... Qd6 $11) 33. Qxe4 $14 {Hoping for f5.} Bf6 34. g4 {aiming for g5.} Qc8 {[#]} (34... Ra7 $14) 35. Qg2 (35. g5 $1 $16 {[%cal Rg5f6]} Re8 36. Qf3) 35... Re8 36. g5 Qf5 37. Rd2 Bd8 38. Re2 $1 {[%cal Re2e8]} ({Not} 38. Rxd4 $2 Bb6 $19) 38... Re3 39. Be4 Qe6 40. Rxe3 $40 {[%mdl 128] White attacks.} dxe3 41. Kh1 {[#]} e2 $1 {[%mdl 512]} 42. Re1 (42. Qxe2 Qh3+) 42... Bc7 43. Bd5 Qe3 (43... Qf5 $1 $11 {remains equal.} 44. Qxe2 Bd6) 44. Qxe2 $16 Qxe2 $2 (44... Qh3+ $16 {keeps fighting.} 45. Qh2 Qxh2+ 46. Kxh2 Bxf4+ 47. Kg2 Kf8) 45. Rxe2 {[%cal Re2e8][%mdl 4096] Endgame KRB-KRB} Kf8 {[#]} 46. Bc6 $1 {[%csl Gc6][%cal Re2e8]} f6 $2 (46... f5 47. Re8+ Kf7) 47. Re8+ $18 Kf7 48. Rh8 Bxf4 49. Bd5+ Ke7 50. Rxh7+ Kd6 51. gxf6 Be5 52. Re7 Ra1+ 53. Kg2 Ra2+ 54. Kf3 Bd4 55. h7 Rh2 56. Re8 (56. Re6+ $142 Kd7 57. f7) 56... Rxh7 57. f7 Bg7 58. f8=Q+ Bxf8 59. Rxf8 Rh3+ 60. Ke4 Rh4+ 61. Rf4 {Accuracy: White = 77%, Black = 57%.} 1-0

[Event "RUS-IND U14 Match 2019"]
[Site "Sochi"]
[Date "2019.06.09"]
[Round "8.2"]
[White "Tsvetkov, Andrey"]
[Black "Mendonca, Leon Luke"]
[Result "0-1"]
[WhiteElo "2323"]
[BlackElo "2405"]
[Annotator "TA"]
[PlyCount "58"]
[EventDate "2019.06.02"]
[EventType "team-tourn"]
[EventCountry "RUS"]
[SourceTitle "playchess.com"]
[Source "ChessBase"]
[SourceQuality "1"]
[WhiteTeam "Russia"]
[BlackTeam "India"]
[WhiteTeamCountry "RUS"]
[BlackTeamCountry "IND"]

{[%evp 11,58,-13,0,0,-2,-23,7,-62,-51,-112,-108,-118,-108,-204,-114,-193,-117,-341,-306,-412,-419,-465,-454,-510,-504,-500,-440,-554,-645,-657,-643,-630,-547,-587,-570,-558,-496,-495,-485,-603,-545,-629,-641,-633,-622,-1173,-720,-814,-582]} 1. d4 Nf6 2. c4 e6 3. Nc3 Bb4 4. f3 O-O 5. a3 Bxc3+ 6. bxc3 c5 7. e4 {E24: Nimzo-Indian: Sämisch: Unusual Black 5th moves and 5...c5 sidelines} Nc6 8. d5 (8. e5 Ne8 9. f4 b6 10. Nf3 Ba6 11. Bd3 f5 12. d5 Na5 13. d6 g6 14. Qe2 Ng7 15. Be3 {1-0 (41) Berkes,F (2666)-Azarov,S (2585) Skopje 2019}) 8... Ne5 9. Bg5 $146 (9. Nh3 $11) ({Predecessor:} 9. Be2 Qa5 10. Bd2 Ne8 11. Nh3 d6 12. dxe6 fxe6 13. O-O Bd7 14. Nf2 Nf6 15. Nd3 Nxc4 {1-0 (33) Molina,V (773)-Garcia,J (833) LSS email 2013}) 9... h6 10. Be3 ({White should play} 10. Bf4 $15 d6 11. Bxe5 dxe5 12. a4) 10... d6 $17 11. Be2 Re8 $36 {[%mdl 2048] Black is on the roll.} 12. Qb3 (12. Qc2 $17) 12... Rb8 (12... Nh5 $19 13. g4 (13. f4 $2 Ng4 $19) 13... exd5 14. gxh5 dxe4) 13. a4 (13. Qc2 $17) 13... Bd7 (13... Nh5 $19 14. dxe6 (14. f4 $2 Ng4 $19) 14... Bxe6) 14. h4 $2 (14. Qc2 $17 {is a better defense.}) 14... Nh5 15. g4 Ng3 16. Rh3 Nxe2 {Black is clearly winning.} 17. Nxe2 exd5 18. cxd5 {[#]} h5 $1 {[%mdl 512]} 19. Qc2 (19. gxh5 Bxh3) 19... hxg4 20. fxg4 Bxg4 21. Rg3 Qxh4 {...Bxe2 is the strong threat.} 22. O-O-O Bxe2 23. Rdg1 Ng6 24. Qxe2 {If White can now play Rg4 this consolidates a bit.} Rxe4 25. Qg2 {[#] And now Bg5 would win.} Rbe8 26. Rh1 Qf6 (26... Rxe3 $2 27. Rxh4 Re1+ 28. Kc2 $19) 27. Bd2 Rxa4 28. Rh5 Ra1+ 29. Kb2 Qf1 {Accuracy: White = 19%, Black = 79%.} 0-1